000 00561nam a2200193Ia 4500
005 20250326140809.0
008 250326s9999 xx 000 0 und d
020 _a0-631-19866-0
037 _aTextbook
040 _aFMSL
_beng
_cFMSL
041 _aeng
_2eng
084 _aX:89ZB N8
_qFMSL
100 _aWoodall J
_9743080
245 0 _aManagement development strategy and practice
_cWoodall J; Diana W
260 _aUnited Kingdom
_bUnited Kingdom, Blackwell
_c1998
300 _a295p
942 _cTB
_hX:89ZB N8
999 _c1287334
_d1287334